00775nam a22002177a 450000500170000000800410001702000180005805000200007605000220009610000210011824500530013925000110019226000390020330000280024249000420027050400450031250500400035765000390039765000520043665000690048820180118124956.0180118b sp ||||| |||| 00| 0 spa d a978849879034404aJA71 bD87 200904aJA69.S7bD87 20091 aDussel, Enrique.10aPolítica de la liberaciónc/ Enrique Dussel, a1a ed. aMadrid, España :bTrotta,c2009. a542 p. :bil. ;c23 cm.0 aEstructuras y procesos. Filosofía.  a Bibliografía : p. 525-536 e indices.1 aContenido : tV.2 Arquitectónica. 72lembaCiencia políticaxHistoria 72lembaCiencia políticaxFilosofíaxHistoria 4aMovimientos de liberación nacionalxHistoriazAmérica Latina